000 01896cam a22003851i 4500
999 _c10330
_d10330
001 5029950
003 OCoLC
005 20210222155609.0
008 790405s1958 miu b 000 0 eng
010 _a58010233
020 _a0802814069
020 _a9780802814067
020 _a0802822576 (pbk.)
020 _a9780802822574 (pbk.)
035 _a(OCoLC)5029950
040 _aDLC
_beng
_erda
_cDLC
_dMUQ
_dBTCTA
_dOCLCG
_dIGR
_dOG#
_dSGB
_dOCLCO
_dOCLCA
_dOCLCF
_dP4I
_dCFT
_dOCLCQ
050 0 0 _aBS2675.3
_bM875F
082 0 0 _a227.2
_bM875F
100 1 _aMorris, Leon,
_d1914-2006.
_0http://id.loc.gov/authorities/names/n50005660
245 1 4 _aThe First epistle of Paul to the Corinthians :
_ban introduction and commentary /
_cby Leon Morris.
250 _aFirst edition.
264 1 _aGrand Rapids, Mich. :
_bWm. B. Eerdmans Publishing Co.,
_c1958.
300 _a249 pages ;
_c21 cm.
336 _atext
_btxt
_2rdacontent
337 _aunmediated
_bn
_2rdamedia
338 _avolume
_bnc
_2rdacarrier
490 1 _aThe Tyndale New Testament commentaries.
504 _aIncludes bibliographical references.
505 0 _aGeneral preface -- Author's preface -- Background -- Paul at Corinth -- Paul's subsequent relations with the church at Corinth -- The occasion and purpose of 1 Corinthians -- The authenticity of the epistle -- The date and place of origin -- Analysis -- Commentary.
630 0 0 _aBible.
_pCorinthians, 1st
_0http://id.loc.gov/authorities/names/n79018727
_vCommentaries.
_0http://id.loc.gov/authorities/subjects/sh99001404
655 7 _aCommentaries.
_2fast
_0http://id.worldcat.org/fast/1423723
776 0 8 _iOnline version:
_aMorris, Leon, 1914-2006.
_tFirst epistle of Paul to the Corinthians.
_b[1st ed.].
_dGrand Rapids, Eerdmans [1958]
_w(OCoLC)609353409.
830 0 _aTyndale New Testament commentaries.
_0http://id.loc.gov/authorities/names/n42037145
942 _2ddc
_cBK